YOUNG SCIENTIST ENCYCLOPEDIA / (رقم التسجيلة. 88686)

تفاصيل مارك
000 -LEADER
fixed length control field 00430nam a22001697a 4500
005 - DATE AND TIME OF LATEST TRANSACTION
control field 20251108172808.0
008 - FIXED-LENGTH DATA ELEMENTS--GENERAL INFORMATION
fixed length control field 250721s1994 xx 000 0 eng d
082 14 - DEWEY DECIMAL CLASSIFICATION NUMBER
Classification number j/r/503/bro
100 1# - MAIN ENTRY--PERSONAL NAME
Personal name Bronkhurst, Martin
245 10 - TITLE STATEMENT
Title YOUNG SCIENTIST ENCYCLOPEDIA /
264 1# - PRODUCTION, PUBLICATION, DISTRIBUTION, MANUFACTURE, AND COPYRIGHT NOTICE
Place of production, publication, distribution, manufacture Chicago :
Name of producer, publisher, distributor, manufacturer World Book International,
Date of production, publication, distribution, manufacture, or copyright notice 1994.
300 ## - PHYSICAL DESCRIPTION
Extent 20vol
650 17 - SUBJECT ADDED ENTRY--TOPICAL TERM
Topical term or geographic name as entry element ENCYCLOPEDIA
650 17 - SUBJECT ADDED ENTRY--TOPICAL TERM
Topical term or geographic name as entry element SCIENCE
942 ## - ADDED ENTRY ELEMENTS (KOHA)
Source of classification or shelving scheme Dewey Decimal Classification
Koha item type كتب
المقتنيات
حالة السحب حالة الفقدان مصدر التصنيف حالة التلف غير قابل للإعارة المكتبة الرئيسية المكتبة الحالية موقع الرف تاريخ التزويد الرقم المتسلسل Total Checkouts رقم الإستدعاء الباركود تاريخ آخر ظهور تاريخ الفاتورة نوع المادة (كوها)
    Dewey Decimal Classification     المكتبة المركزية المكتبة المركزية الأطفال 28/07/2025 648489   j/r/503/bro 648489 28/07/2025 28/07/2025 كتب
    Dewey Decimal Classification     المكتبة المركزية المكتبة المركزية الأطفال 28/07/2025 648490   j/r/503/bro 648490 28/07/2025 28/07/2025 كتب
    Dewey Decimal Classification     المكتبة المركزية المكتبة المركزية الأطفال 28/07/2025 648493   j/r/503/bro 648493 28/07/2025 28/07/2025 كتب
Implemented & Customized by: BBB with SCIT (Smart Chains for Information Technology)

Powered by Koha